Birth States Quiz Stats

 Plays Quiz not verified by Sporcle

Score 0/50 Timer 08:00
0 Plays Today
People State % Correct
Ray Charles, Martin Luther King, Jr, Jimmy CarterGeorgia
90.6%
Barack Obama, Nicole Kidman, Bruno MarsHawaii
90.6%
George Washington, Thomas Jefferson, Robert E. LeeVirginia
90.6%
Douglas MacArthur, Bear Bryant, Bill ClintonArkansas
88.2%
Henry Ford, Madonna, Mitt RomneyMichigan
88.2%
Lyndon Johnson, Woody Harrelson, Beyonce KnowlesTexas
87.1%
Benjamin Franklin, Eli Whitney, John F. KennedyMassachusetts
84.7%
Abraham Lincoln, Jefferson Davis, Johnny DeppKentucky
83.5%
Franklin D. Roosevelt, Jerry Seinfeld, Michael JordanNew York
82.4%
Louis Armstrong, Reese Witherspoon, Peyton ManningLouisiana
81.2%
Elvis Presley, Walter Payton, Oprah WinfreyMississippi
81.2%
Sequoyah, Morgan Freeman, Dolly PartonTennessee
81.2%
Jimi Hendrix, Bill Gates, Kurt CobainWashington
81.2%
Angelina Jolie, Leonardo DiCaprio, Tiger WoodsCalifornia
80%
Frank Sinatra, Jon Bon Jovi, Derek JeterNew Jersey
80%
L.L. Bean, Stephen King, Anna KendrickMaine
76.5%
Mark Twain, Edwin Hubble, Maya AngelouMissouri
76.5%
Orville Wright, Neil Armstrong, LeBron JamesOhio
76.5%
John Wooden, David Letterman, Michael JacksonIndiana
75.3%
Curt Schilling, Mario Chalmers, Bristol PalinAlaska
72.9%
J.P. Morgan, Katharine Hepburn, George W. BushConnecticut
72.9%
John C. Calhoun, Strom Thurmond, Joe FrazierSouth Carolina
68.2%
Dat So La Lee, Harry Reid, Bryce HarperNevada
65.9%
Daniel Boone, Andy Warhol, Tina FeyPennsylvania
64.7%
Helen Keller, Jesse Owens, Hank AaronAlabama
62.4%
People State % Correct
Cesar Chavez, Kerri Strug, Emma StoneArizona
62.4%
Ernest Hemingway, Richard Daley, Bill MurrayIllinois
62.4%
F. Scott Fitzgerald, Charles Schulz, Bob DylanMinnesota
62.4%
Andrew Johnson, Andy Griffith, Fantasia BarrinoNorth Carolina
62.4%
Philo Farnsworth, Roseanne Barr, Steve YoungUtah
62.4%
L. Ron Hubbard, Malcom X, Warren BuffetNebraska
60%
Geronimo, Billy the Kid, Neil Patrick HarrisNew Mexico
58.8%
Sacagawea, Harmon Killebrew, Sarah PalinIdaho
57.6%
Sam Walton, Jim Thorpe, Chuck NorrisOklahoma
56.5%
John Deere, Brigham Young, Calvin CoolidgeVermont
55.3%
John Wilkes Booth, Babe Ruth, Thurgood MarshallMaryland
54.1%
Jim Morrison, Chipper Jones, Ariana GrandeFlorida
51.8%
Daniel Webster, Alan Shepard, Sarah SilvermanNew Hampshire
51.8%
Buffalo Bill, John Wayne, Norman BorlaugIowa
47.1%
Linus Pauling, Tonya Harding, Phil KnightOregon
47.1%
Chuck Yeager, Steve Harvey, Nick SabanWest Virginia
47.1%
Jack Swigert, Tim Allen, John KerryColorado
45.9%
Adolph Rupp, Amelia Earhart, Charles KochKansas
45.9%
Hubert Humphrey, Tom Brokaw, Adam VinatieriSouth Dakota
43.5%
Henry Heimlich, Delino DeShields, Aubrey PlazaDelaware
42.4%
Gary Johnson, Travis Hafner, Wiz KhalifaNorth Dakota
41.2%
Jeannette Rankin, Martha Raye, Phil JacksonMontana
40%
Frank Lloyd Wright, Georgia O'Keefe, Orson WellesWisconsin
38.8%
H.P. Lovecraft, Meredith Vieira, Olivia CulpoRhode Island
37.6%
Jackson Pollock, Jim Beaver, Scott AvettWyoming
35.3%

You're not logged in!

Compare scores with friends on all Sporcle quizzes.
OR
Log In

Show Comments

Extras

Created Feb 27, 2014ReportNominate
Tags:Famous Quiz, State Quiz, birth, born

Top Quizzes Today


Score Distribution

Your Account Isn't Verified!

In order to create a playlist on Sporcle, you need to verify the email address you used during registration. Go to your Sporcle Settings to finish the process.

Report this User

Report this user for behavior that violates our Community Guidelines.

Details: